000 00305nam a22001337a 4500
008 171020b xxu||||| |||| 00| 0 eng d
020 _a0070168253
041 _aeng
080 _a338
100 _a54
101 _aMIS
245 _aTHE MANAGEMENT OF INFORMATION SYSTEMS
_cDICKSON,G.W
942 _2udc
_cBK
999 _c35089
_d35089